A Pathway To Infinity/ (Record no. 206848)

MARC details
000 -LEADER
fixed length control field 00621nam a22001937a 4500
005 - DATE AND TIME OF LATEST TRANSACTION
control field 20241029122331.0
010 ## - LCCN (DPL NO)
LC control number ENG-142526
020 ## - INTERNATIONAL STANDARD BOOK NUMBER
International Standard Book Number 9788184621884
Terms of availability 1095.00
035 ## - SYSTEM CONTROL NUMBER
System control number EN-126058
037 ## - SOURCE OF ACQUISITION
Source of stock number/acquisition DBAD
082 ## - DEWEY DECIMAL CLASSIFICATION NUMBER
Classification number 306
100 ## - MAIN ENTRY--PERSONAL NAME
Personal name Fazalboy, Moorad
245 ## - TITLE STATEMENT
Title A Pathway To Infinity/
Statement of responsibility, etc Moorad Fazalbhoy
250 ## - EDITION STATEMENT
Edition statement First
260 ## - PUBLICATION, DISTRIBUTION, ETC. (IMPRINT)
Place of publication, distribution, etc Mumbai
Name of publisher, distributor, etc Vakils, Feffer and Simons Pvt. Ltd
Date of publication, distribution, etc 2022
270 ## - ADDRESS
Address Industry Manor, Appasaheb Marathe Marg, Prabhadevi
City Mumbai
Postal code 400025
300 ## - PHYSICAL DESCRIPTION
Extent 372p.
Dimensions 23cm(hbk)
942 ## - ADDED ENTRY ELEMENTS (KOHA)
Source of classification or shelving scheme Dewey Decimal Classification
Item type English Books
Classification part 306
Call number suffix FAZ
Edition 2022
Holdings
Withdrawn status Lost status Not for loan Collection code Home library Current library Date acquired Source of acquisition Cost, normal purchase price Full call number Barcode Copy number Cost, replacement price Koha item type
      Non-fiction Bawana Bawana 29/10/2024 DBAD 1095.00 306 FAZ EN-126058 1 1095.00 English Books

© Delhi Public Library
Hit Counter
free hit counter